[Event "European Women's Championship"]
[Site "Vysoke Tatry"]
[Date "2018.04.17"]
[Round "9"]
[White "Okuyaz, Duru"]
[Black "Sedina, Elena"]
[Result "0-1"]
[Board "49"]
[WhiteElo "2122"]
[WhiteTitle "WFM"]
[WhiteCountry "TUR"]
[WhiteFideId "6346022"]
[WhiteEloChange "-5"]
[BlackElo "2292"]
[BlackTitle "IM"]
[BlackCountry "ITA"]
[BlackFideId "812153"]
[BlackEloChange "5"]

1. e4 {[%clk 1:30:57]} e6 {[%clk 1:30:50]} 2. d4 {[%clk 1:31:21]} d5 {[%clk
1:31:15]} 3. Nc3 {[%clk 1:31:43]} Bb4 {[%clk 1:31:12]} 4. e5 {[%clk 1:32:02]} c5
{[%clk 1:31:27]} 5. a3 {[%clk 1:32:24]} Bxc3+ {[%clk 1:31:50]} 6. bxc3 {[%clk
1:32:43]} Ne7 {[%clk 1:32:11]} 7. Qg4 {[%clk 1:32:45]} O-O {[%clk 1:30:31]} 8.
Bd3 {[%clk 1:33:04]} Nbc6 {[%clk 1:29:55]} 9. Bg5 {[%clk 1:33:03]} Qc7 {[%clk
1:12:07]} 10. Ne2 {[%clk 1:28:37]} c4 {[%clk 0:42:45]} 11. Bf6 {[%clk 1:23:11]}
Ng6 {[%clk 0:42:29]} 12. Bxg6 {[%clk 1:20:53]} fxg6 {[%clk 0:42:44]} 13. Bg5
{[%clk 1:18:52]} Qf7 {[%clk 0:31:15]} 14. Qg3 {[%clk 1:18:18]} Ne7 {[%clk
0:20:08]} 15. h4 {[%clk 1:13:50]} Bd7 {[%clk 0:18:58]} 16. h5 {[%clk 1:08:35]}
Nf5 {[%clk 0:12:01]} 17. Qh3 {[%clk 1:03:10]} gxh5 {[%clk 0:09:42]} 18. Nf4
{[%clk 0:58:57]} h4 {[%clk 0:06:59]} 19. g3 {[%clk 0:33:44]} h6 {[%clk 0:04:57]}
20. gxh4 {[%clk 0:33:51]} hxg5 {[%clk 0:03:09]} 21. hxg5 {[%clk 0:34:14]} Nh4
{[%clk 0:03:36]} 22. Qxh4 {[%clk 0:20:36]} Qxf4 {[%clk 0:04:03]} 23. Qh7+ {[%clk
0:20:57]} Kf7 {[%clk 0:04:27]} 24. Rh4 {[%clk 0:20:36]} Qxg5 {[%clk 0:01:16]} 25.
Rh3 {[%clk 0:19:42]} Rh8 {[%clk 0:01:18]} 26. Rf3+ {[%clk 0:19:14]} Ke7 {[%clk
0:01:44]} 0-1

[Event "European Women's Championship"]
[Site "Vysoke Tatry"]
[Date "2018.04.17"]
[Round "9"]
[White "Motycakova, Monika"]
[Black "Fuchs, Judith"]
[Result "0-1"]
[Board "50"]
[WhiteElo "2207"]
[WhiteTitle "WFM"]
[WhiteCountry "SVK"]
[WhiteFideId "14909626"]
[WhiteEloChange "-8"]
[BlackElo "2286"]
[BlackTitle "WGM"]
[BlackCountry "GER"]
[BlackFideId "24605611"]
[BlackEloChange "8"]

1. e4 {[%clk 1:30:52]} c5 {[%clk 1:30:52]} 2. Nf3 {[%clk 1:31:17]} Nc6 {[%clk
1:31:16]} 3. d4 {[%clk 1:31:09]} cxd4 {[%clk 1:31:39]} 4. Nxd4 {[%clk 1:31:34]}
Qb6 {[%clk 1:32:01]} 5. Nb3 {[%clk 1:31:51]} Nf6 {[%clk 1:32:23]} 6. Nc3 {[%clk
1:32:15]} e6 {[%clk 1:32:47]} 7. Qe2 {[%clk 1:32:28]} Bb4 {[%clk 1:32:55]} 8. Bd2
{[%clk 1:32:01]} O-O {[%clk 1:33:11]} 9. a3 {[%clk 1:31:24]} Be7 {[%clk 1:33:34]}
10. O-O-O {[%clk 1:31:32]} d5 {[%clk 1:33:12]} 11. e5 {[%clk 1:30:38]} Ne8 {[%clk
1:32:06]} 12. f4 {[%clk 1:23:14]} f6 {[%clk 1:29:52]} 13. exf6 {[%clk 1:07:52]}
Bxf6 {[%clk 1:25:34]} 14. Qh5 {[%clk 1:05:57]} Nd4 {[%clk 1:15:17]} 15. Nxd4
{[%clk 0:52:22]} Bxd4 {[%clk 1:14:49]} 16. Bd3 {[%clk 0:49:14]} Nf6 {[%clk
1:14:26]} 17. Qh4 {[%clk 0:48:54]} Bd7 {[%clk 1:02:40]} 18. Rhf1 {[%clk 0:39:37]}
Ne4 {[%clk 0:47:21]} 19. Rf3 {[%clk 0:35:07]} Rf6 {[%clk 0:44:17]} 20. Bxe4
{[%clk 0:25:42]} dxe4 {[%clk 0:44:39]} 21. Rh3 {[%clk 0:24:32]} h6 {[%clk
0:41:55]} 22. Qe1 {[%clk 0:13:13]} e5 {[%clk 0:32:45]} 23. fxe5 {[%clk 0:11:10]}
Bxe5 {[%clk 0:33:02]} 24. Rh5 {[%clk 0:04:45]} Re6 {[%clk 0:29:29]} 25. Be3
{[%clk 0:04:26]} Qc6 {[%clk 0:28:33]} 26. Nd5 {[%clk 0:03:53]} Rc8 {[%clk
0:25:56]} 27. Qe2 {[%clk 0:03:54]} Ree8 {[%clk 0:22:01]} 28. h3 {[%clk 0:02:46]}
Qa4 {[%clk 0:18:37]} 29. Bf4 {[%clk 0:01:56]} Bb5 {[%clk 0:12:41]} 30. Qd2 {[%clk
0:01:39]} Bd3 {[%clk 0:12:12]} 31. c3 {[%clk 0:01:31]} Qb3 {[%clk 0:10:03]} 32.
Rxe5 {[%clk 0:01:53]} Rxe5 {[%clk 0:09:51]} 33. Bxe5 {[%clk 0:02:15]} Qxd5 {[%clk
0:10:01]} 34. Qf4 {[%clk 0:01:49]} Re8 {[%clk 0:04:11]} 35. Bd4 {[%clk 0:01:48]}
Qb3 {[%clk 0:04:11]} 36. Qf2 {[%clk 0:00:59]} Rf8 {[%clk 0:04:01]} 37. Qd2 {[%clk
0:00:56]} Qa2 {[%clk 0:04:22]} 38. Qe1 {[%clk 0:00:46]} Rf1 {[%clk 0:03:39]} 39.
Qxf1 {[%clk 0:00:44]} Bxf1 {[%clk 0:04:02]} 0-1

[Event "European Women's Championship"]
[Site "Vysoke Tatry"]
[Date "2018.04.17"]
[Round "9"]
[White "Nemcova, Karin"]
[Black "Martynkova, Olena"]
[Result "1-0"]
[Board "51"]
[WhiteElo "1992"]
[WhiteCountry "CZE"]
[WhiteFideId "360821"]
[WhiteEloChange "17"]
[BlackElo "2280"]
[BlackTitle "WIM"]
[BlackCountry "UKR"]
[BlackFideId "14134039"]
[BlackEloChange "-17"]

1. e4 {[%clk 1:30:58]} c5 {[%clk 1:30:53]} 2. Nf3 {[%clk 1:31:19]} e6 {[%clk
1:31:13]} 3. d4 {[%clk 1:31:39]} cxd4 {[%clk 1:31:31]} 4. Nxd4 {[%clk 1:32:00]}
Nc6 {[%clk 1:31:47]} 5. Nc3 {[%clk 1:32:15]} Qc7 {[%clk 1:32:03]} 6. f4 {[%clk
1:32:31]} a6 {[%clk 1:32:13]} 7. Nxc6 {[%clk 1:32:05]} Qxc6 {[%clk 1:32:09]} 8.
Bd3 {[%clk 1:32:03]} b5 {[%clk 1:32:04]} 9. Qe2 {[%clk 1:32:08]} Bb7 {[%clk
1:32:09]} 10. Bd2 {[%clk 1:32:11]} Rc8 {[%clk 1:28:55]} 11. a3 {[%clk 1:31:36]}
Bc5 {[%clk 1:28:49]} 12. O-O-O {[%clk 1:31:42]} Ne7 {[%clk 1:28:50]} 13. Rhf1
{[%clk 1:31:53]} O-O {[%clk 1:16:26]} 14. f5 {[%clk 1:30:17]} f6 {[%clk 0:54:03]}
15. g4 {[%clk 1:29:40]} Bd4 {[%clk 0:50:09]} 16. Kb1 {[%clk 1:27:06]} Qc5 {[%clk
0:45:13]} 17. h4 {[%clk 1:20:36]} Nc6 {[%clk 0:39:50]} 18. g5 {[%clk 1:09:39]}
Ne5 {[%clk 0:27:25]} 19. fxe6 {[%clk 0:54:19]} dxe6 {[%clk 0:26:08]} 20. gxf6
{[%clk 0:51:48]} gxf6 {[%clk 0:25:13]} 21. Bh6 {[%clk 0:40:25]} Rf7 {[%clk
0:22:15]} 22. Na2 {[%clk 0:40:40]} Qc7 {[%clk 0:16:33]} 23. Bc4 {[%clk 0:28:37]}
Qxc4 {[%clk 0:07:21]} 24. Qxc4 {[%clk 0:27:59]} Rxc4 {[%clk 0:03:45]} 25. b3
{[%clk 0:28:00]} Rxc2 {[%clk 0:03:32]} 26. Rxd4 {[%clk 0:12:43]} Rc8 {[%clk
0:03:57]} 27. Rfd1 {[%clk 0:11:11]} Rfc7 {[%clk 0:02:33]} 28. Bf4 {[%clk
0:07:36]} Rf7 {[%clk 0:00:54]} 29. Kb2 {[%clk 0:05:22]} Nf3 {[%clk 0:00:39]} 30.
Rd6 {[%clk 0:03:39]} e5 {[%clk 0:00:34]} 31. Bh6 {[%clk 0:03:47]} Nd4 {[%clk
0:00:32]} 32. Nc3 {[%clk 0:03:17]} Rfc7 {[%clk 0:00:34]} 33. Rxf6 {[%clk
0:02:57]} a5 {[%clk 0:00:35]} 34. Rdf1 {[%clk 0:02:47]} Ne6 {[%clk 0:00:33]} 35.
Rxe6 {[%clk 0:02:44]} Rxc3 {[%clk 0:00:55]} 36. Ref6 {[%clk 0:03:00]} Rc2+ {[%clk
0:00:37]} 37. Ka1 {[%clk 0:02:38]} 1-0

[Event "European Women's Championship"]
[Site "Vysoke Tatry"]
[Date "2018.04.17"]
[Round "9"]
[White "Paramzina, Anastasya"]
[Black "Batyte, Daiva"]
[Result "0-1"]
[Board "52"]
[WhiteElo "2271"]
[WhiteTitle "WGM"]
[WhiteCountry "RUS"]
[WhiteFideId "4165012"]
[WhiteEloChange "-13"]
[BlackElo "2165"]
[BlackTitle "WFM"]
[BlackCountry "LTU"]
[BlackFideId "12801860"]
[BlackEloChange "13"]

1. e4 {[%clk 1:28:29]} e6 {[%clk 1:30:55]} 2. d4 {[%clk 1:28:56]} d5 {[%clk
1:31:20]} 3. Nd2 {[%clk 1:29:13]} c5 {[%clk 1:30:38]} 4. Ngf3 {[%clk 1:29:05]}
Nc6 {[%clk 1:26:56]} 5. Bb5 {[%clk 1:26:12]} dxe4 {[%clk 1:07:04]} 6. Nxe4 {[%clk
1:24:51]} Nf6 {[%clk 1:03:04]} 7. Nxf6+ {[%clk 1:24:10]} gxf6 {[%clk 1:02:59]} 8.
O-O {[%clk 1:22:29]} Rg8 {[%clk 0:47:24]} 9. Qd3 {[%clk 0:50:16]} Bd7 {[%clk
0:29:06]} 10. Qxh7 {[%clk 0:37:07]} Rg7 {[%clk 0:29:07]} 11. Qh8 {[%clk 0:37:19]}
Ne7 {[%clk 0:29:15]} 12. Bxd7+ {[%clk 0:36:20]} Qxd7 {[%clk 0:28:19]} 13. dxc5
{[%clk 0:33:17]} O-O-O {[%clk 0:22:40]} 14. Qh4 {[%clk 0:32:33]} Nf5 {[%clk
0:20:03]} 15. Qc4 {[%clk 0:27:42]} Qc6 {[%clk 0:20:13]} 16. Ne1 {[%clk 0:13:25]}
Bxc5 {[%clk 0:19:26]} 17. Kh1 {[%clk 0:10:01]} Rdg8 {[%clk 0:18:55]} 18. Qf4
{[%clk 0:02:59]} Rxg2 {[%clk 0:18:22]} 19. Qf3 {[%clk 0:03:27]} Rxf2 {[%clk
0:11:01]} 20. Qxc6+ {[%clk 0:03:33]} bxc6 {[%clk 0:11:30]} 21. Rxf2 {[%clk
0:03:56]} Bxf2 {[%clk 0:11:54]} 22. Nf3 {[%clk 0:03:50]} Nd4 {[%clk 0:11:47]} 23.
Bf4 {[%clk 0:04:05]} Nxf3 {[%clk 0:11:53]} 24. Rf1 {[%clk 0:04:31]} Bb6 {[%clk
0:12:03]} 0-1

[Event "European Women's Championship"]
[Site "Vysoke Tatry"]
[Date "2018.04.17"]
[Round "9"]
[White "Berke, Ana"]
[Black "Manakova, Maria"]
[Result "1/2-1/2"]
[Board "53"]
[WhiteElo "2173"]
[WhiteTitle "WIM"]
[WhiteCountry "CRO"]
[WhiteFideId "14510359"]
[WhiteEloChange "3"]
[BlackElo "2268"]
[BlackTitle "WGM"]
[BlackCountry "SRB"]
[BlackFideId "927007"]
[BlackEloChange "-3"]

1. e4 {[%clk 1:30:54]} c5 {[%clk 1:30:50]} 2. Nf3 {[%clk 1:31:14]} Nc6 {[%clk
1:31:12]} 3. Bb5 {[%clk 1:31:38]} g6 {[%clk 1:31:19]} 4. O-O {[%clk 1:31:48]} Bg7
{[%clk 1:31:48]} 5. Re1 {[%clk 1:31:35]} e5 {[%clk 1:31:59]} 6. b4 {[%clk
1:27:19]} Nd4 {[%clk 1:22:29]} 7. Bc4 {[%clk 1:23:07]} d6 {[%clk 1:20:15]} 8. c3
{[%clk 1:20:07]} Nxf3+ {[%clk 1:12:20]} 9. Qxf3 {[%clk 1:20:30]} Be6 {[%clk
1:09:58]} 10. d3 {[%clk 1:09:10]} Ne7 {[%clk 0:59:18]} 11. Bxe6 {[%clk 1:05:08]}
fxe6 {[%clk 0:59:43]} 12. bxc5 {[%clk 1:04:47]} dxc5 {[%clk 1:00:00]} 13. Be3
{[%clk 0:56:43]} b6 {[%clk 0:57:13]} 14. a4 {[%clk 0:55:53]} Nc6 {[%clk 0:57:12]}
15. Na3 {[%clk 0:49:25]} Bf6 {[%clk 0:29:40]} 16. Rab1 {[%clk 0:40:24]} O-O
{[%clk 0:29:28]} 17. Qe2 {[%clk 0:40:08]} Rb8 {[%clk 0:26:01]} 18. Rb2 {[%clk
0:38:45]} Qd7 {[%clk 0:25:49]} 19. Nc4 {[%clk 0:35:07]} Rfd8 {[%clk 0:24:41]} 20.
Rd1 {[%clk 0:34:49]} Ne7 {[%clk 0:23:17]} 21. Rb5 {[%clk 0:31:45]} Rb7 {[%clk
0:20:02]} 22. Qg4 {[%clk 0:27:52]} Bg7 {[%clk 0:15:19]} 23. h4 {[%clk 0:26:42]}
h5 {[%clk 0:14:28]} 24. Qg3 {[%clk 0:24:56]} Qc7 {[%clk 0:13:01]} 25. Bg5 {[%clk
0:22:47]} Kh7 {[%clk 0:12:25]} 26. Rdb1 {[%clk 0:16:00]} Rdb8 {[%clk 0:08:20]}
27. Bxe7 {[%clk 0:07:45]} Qxe7 {[%clk 0:08:46]} 28. Nxe5 {[%clk 0:07:13]} Bxe5
{[%clk 0:08:54]} 29. Qxe5 {[%clk 0:07:39]} Qxh4 {[%clk 0:08:53]} 30. a5 {[%clk
0:06:27]} Qe7 {[%clk 0:07:48]} 31. d4 {[%clk 0:04:45]} cxd4 {[%clk 0:07:54]} 32.
cxd4 {[%clk 0:04:40]} Qf7 {[%clk 0:06:34]} 33. axb6 {[%clk 0:02:04]} axb6 {[%clk
0:06:50]} 34. d5 {[%clk 0:02:13]} exd5 {[%clk 0:06:48]} 35. exd5 {[%clk 0:02:31]}
Rf8 {[%clk 0:06:23]} 36. Qd4 {[%clk 0:02:46]} Rd7 {[%clk 0:06:24]} 37. d6 {[%clk
0:02:38]} Qf6 {[%clk 0:05:29]} 38. Qxf6 {[%clk 0:01:48]} Rxf6 {[%clk 0:05:55]}
39. Rxb6 {[%clk 0:02:12]} Rfxd6 {[%clk 0:06:16]} 1/2-1/2

[Event "European Women's Championship"]
[Site "Vysoke Tatry"]
[Date "2018.04.17"]
[Round "9"]
[White "Michna, Marta"]
[Black "Petrenko, Svetlana"]
[Result "1/2-1/2"]
[Board "54"]
[WhiteElo "2367"]
[WhiteTitle "WGM"]
[WhiteCountry "GER"]
[WhiteFideId "1106686"]
[WhiteEloChange "-5"]
[BlackElo "2178"]
[BlackTitle "IM"]
[BlackCountry "MDA"]
[BlackFideId "13900196"]
[BlackEloChange "5"]

1. d4 {[%clk 1:30:57]} Nf6 {[%clk 1:30:45]} 2. c3 {[%clk 1:31:20]} g6 {[%clk
1:30:43]} 3. Nf3 {[%clk 1:31:46]} Bg7 {[%clk 1:30:41]} 4. h3 {[%clk 1:31:01]} d5
{[%clk 1:30:05]} 5. Bf4 {[%clk 1:31:16]} O-O {[%clk 1:30:08]} 6. e3 {[%clk
1:31:33]} b6 {[%clk 1:30:10]} 7. Nbd2 {[%clk 1:30:59]} Nbd7 {[%clk 1:29:33]} 8.
Be2 {[%clk 1:27:40]} Bb7 {[%clk 1:29:40]} 9. Ne5 {[%clk 1:27:31]} Nxe5 {[%clk
1:24:33]} 10. Bxe5 {[%clk 1:27:40]} c5 {[%clk 1:23:57]} 11. a4 {[%clk 1:25:09]}
c4 {[%clk 1:19:53]} 12. b3 {[%clk 1:17:48]} cxb3 {[%clk 1:16:55]} 13. Qxb3 {[%clk
1:18:07]} Bc6 {[%clk 1:13:03]} 14. O-O {[%clk 1:16:04]} Ne4 {[%clk 1:06:40]} 15.
Nxe4 {[%clk 1:14:50]} Bxe5 {[%clk 1:06:32]} 16. Nd2 {[%clk 1:08:06]} Bc7 {[%clk
1:03:24]} 17. f4 {[%clk 1:05:52]} Kg7 {[%clk 0:59:11]} 18. Nf3 {[%clk 1:05:07]}
f6 {[%clk 0:59:00]} 19. Rfd1 {[%clk 0:54:51]} Qd6 {[%clk 0:56:24]} 20. Rac1
{[%clk 0:54:53]} g5 {[%clk 0:49:04]} 21. c4 {[%clk 0:41:43]} gxf4 {[%clk
0:43:05]} 22. exf4 {[%clk 0:34:55]} Qe6 {[%clk 0:36:43]} 23. f5 {[%clk 0:24:50]}
Qxf5 {[%clk 0:34:57]} 24. Nh4 {[%clk 0:13:47]} Qg5 {[%clk 0:19:22]} 25. Nf3
{[%clk 0:13:41]} Qf5 {[%clk 0:19:40]} 26. Nh4 {[%clk 0:11:25]} Qg5 {[%clk
0:20:03]} 27. Nf3 {[%clk 0:11:54]} Qf5 {[%clk 0:20:26]} 28. Nh4 {[%clk 0:06:02]}
1/2-1/2

[Event "European Women's Championship"]
[Site "Vysoke Tatry"]
[Date "2018.04.17"]
[Round "9"]
[White "Brunello, Marina"]
[Black "Vidic, Teja"]
[Result "1-0"]
[Board "55"]
[WhiteElo "2307"]
[WhiteTitle "FM"]
[WhiteCountry "ITA"]
[WhiteFideId "822590"]
[WhiteEloChange "6"]
[BlackElo "2176"]
[BlackTitle "WFM"]
[BlackCountry "SLO"]
[BlackFideId "14605511"]
[BlackEloChange "-6"]

1. e4 {[%clk 1:30:54]} e5 {[%clk 1:30:56]} 2. Nf3 {[%clk 1:31:20]} Nc6 {[%clk
1:31:21]} 3. Bb5 {[%clk 1:31:45]} a6 {[%clk 1:31:46]} 4. Ba4 {[%clk 1:32:10]} Nf6
{[%clk 1:32:12]} 5. d3 {[%clk 1:32:35]} d6 {[%clk 1:32:34]} 6. c3 {[%clk
1:30:37]} g6 {[%clk 1:33:00]} 7. O-O {[%clk 1:29:08]} Bg7 {[%clk 1:33:25]} 8. Re1
{[%clk 1:25:46]} O-O {[%clk 1:33:50]} 9. h3 {[%clk 1:25:48]} Nd7 {[%clk 1:19:47]}
10. d4 {[%clk 1:21:24]} b5 {[%clk 1:09:40]} 11. Bb3 {[%clk 1:07:20]} Na5 {[%clk
1:09:35]} 12. Bc2 {[%clk 1:07:44]} exd4 {[%clk 1:09:26]} 13. cxd4 {[%clk
1:06:52]} c5 {[%clk 1:09:22]} 14. Nc3 {[%clk 1:03:58]} Nb6 {[%clk 0:57:47]} 15.
Bg5 {[%clk 0:52:05]} Qd7 {[%clk 0:56:56]} 16. b3 {[%clk 0:46:55]} h6 {[%clk
0:43:54]} 17. Be3 {[%clk 0:45:01]} b4 {[%clk 0:39:15]} 18. Ne2 {[%clk 0:43:14]}
c4 {[%clk 0:37:38]} 19. Qd2 {[%clk 0:37:14]} c3 {[%clk 0:36:57]} 20. Qc1 {[%clk
0:37:40]} Kh7 {[%clk 0:37:18]} 21. a3 {[%clk 0:35:32]} d5 {[%clk 0:37:28]} 22. e5
{[%clk 0:31:07]} Qe7 {[%clk 0:35:38]} 23. Ng3 {[%clk 0:26:48]} Nc6 {[%clk
0:32:14]} 24. Nh2 {[%clk 0:23:33]} Qh4 {[%clk 0:29:46]} 25. Nf3 {[%clk 0:18:49]}
Qe7 {[%clk 0:30:12]} 26. Nh5 {[%clk 0:18:52]} Rh8 {[%clk 0:30:38]} 27. Bb1 {[%clk
0:14:38]} a5 {[%clk 0:29:39]} 28. Nf6+ {[%clk 0:10:28]} Bxf6 {[%clk 0:30:01]} 29.
exf6 {[%clk 0:10:53]} Qxf6 {[%clk 0:30:02]} 30. Bxh6 {[%clk 0:11:16]} Bd7 {[%clk
0:25:57]} 31. Bg5 {[%clk 0:10:55]} Qd6 {[%clk 0:25:47]} 32. Ne5 {[%clk 0:10:56]}
Kg7 {[%clk 0:20:24]} 33. Bf4 {[%clk 0:08:44]} Qf8 {[%clk 0:14:42]} 34. Qe3 {[%clk
0:06:54]} Re8 {[%clk 0:13:57]} 35. Qg3 {[%clk 0:07:13]} Ne7 {[%clk 0:10:53]} 36.
Nxd7 {[%clk 0:04:09]} Nxd7 {[%clk 0:11:04]} 37. axb4 {[%clk 0:04:35]} Nc6 {[%clk
0:09:41]} 38. Bf5 {[%clk 0:03:59]} Nf6 {[%clk 0:05:50]} 39. Bd6 {[%clk 0:01:20]}
Qg8 {[%clk 0:05:16]} 40. Qxc3 {[%clk 0:30:43]} Nxb4 {[%clk 0:32:18]} 41. Be5
{[%clk 0:26:23]} Rh5 {[%clk 0:28:15]} 42. Bg4 {[%clk 0:25:55]} Rhxe5 {[%clk
0:23:36]} 43. Rxe5 {[%clk 0:23:14]} Ne4 {[%clk 0:21:05]} 44. Qc7 {[%clk 0:22:07]}
Nd3 {[%clk 0:21:02]} 45. Rxd5 {[%clk 0:14:28]} Nexf2 {[%clk 0:20:02]} 46. Rf1
{[%clk 0:14:44]} Kh6 {[%clk 0:16:36]} 47. Qg3 {[%clk 0:11:49]} Rb8 {[%clk
0:14:11]} 48. Rxf2 {[%clk 0:10:46]} Nxf2 {[%clk 0:14:39]} 49. Qxf2 {[%clk
0:10:38]} Rxb3 {[%clk 0:15:04]} 50. Qf4+ {[%clk 0:10:53]} Kh7 {[%clk 0:15:09]}
51. Rxa5 {[%clk 0:10:48]} 1-0

[Event "European Women's Championship"]
[Site "Vysoke Tatry"]
[Date "2018.04.17"]
[Round "9"]
[White "Pavlidou, Ekaterini"]
[Black "Ozbay, Ece"]
[Result "0-1"]
[Board "56"]
[WhiteElo "2164"]
[WhiteTitle "WIM"]
[WhiteCountry "GRE"]
[WhiteFideId "4213262"]
[WhiteEloChange "-9"]
[BlackElo "2216"]
[BlackTitle "WFM"]
[BlackCountry "TUR"]
[BlackFideId "6351743"]
[BlackEloChange "9"]

1. Nf3 {[%clk 1:30:30]} d5 {[%clk 1:30:52]} 2. g3 {[%clk 1:30:23]} Nf6 {[%clk
1:30:38]} 3. c4 {[%clk 1:29:30]} c6 {[%clk 1:31:06]} 4. Bg2 {[%clk 1:29:44]} Bf5
{[%clk 1:30:59]} 5. b3 {[%clk 1:27:38]} e6 {[%clk 1:30:21]} 6. Bb2 {[%clk
1:27:46]} Be7 {[%clk 1:30:42]} 7. O-O {[%clk 1:28:00]} Nbd7 {[%clk 1:31:09]} 8.
d3 {[%clk 1:27:57]} O-O {[%clk 1:30:30]} 9. Nbd2 {[%clk 1:27:51]} Qc7 {[%clk
1:30:17]} 10. Qc2 {[%clk 1:23:32]} Rad8 {[%clk 1:24:31]} 11. e4 {[%clk 1:15:09]}
dxe4 {[%clk 1:24:36]} 12. dxe4 {[%clk 1:15:12]} Bg6 {[%clk 1:24:35]} 13. Rfe1
{[%clk 1:05:09]} Ng4 {[%clk 1:16:28]} 14. h3 {[%clk 1:00:04]} Nge5 {[%clk
1:11:30]} 15. Rad1 {[%clk 0:58:24]} Bf6 {[%clk 1:08:42]} 16. Nxe5 {[%clk
0:46:16]} Nxe5 {[%clk 1:08:29]} 17. f4 {[%clk 0:37:14]} Nd3 {[%clk 1:00:25]} 18.
Bxf6 {[%clk 0:37:31]} gxf6 {[%clk 1:00:48]} 19. Rf1 {[%clk 0:36:55]} f5 {[%clk
0:58:57]} 20. e5 {[%clk 0:28:36]} Qb6+ {[%clk 0:57:19]} 21. Kh2 {[%clk 0:27:20]}
Rd7 {[%clk 0:51:43]} 22. Rf3 {[%clk 0:19:10]} Rfd8 {[%clk 0:50:45]} 23. a3 {[%clk
0:16:31]} Kh8 {[%clk 0:45:21]} 24. b4 {[%clk 0:07:52]} Bh5 {[%clk 0:40:18]} 25.
g4 {[%clk 0:08:16]} fxg4 {[%clk 0:40:25]} 26. hxg4 {[%clk 0:08:25]} Bxg4 {[%clk
0:40:43]} 27. c5 {[%clk 0:07:47]} Nxb4 {[%clk 0:20:45]} 28. axb4 {[%clk 0:03:06]}
Qxb4 {[%clk 0:21:13]} 29. Ne4 {[%clk 0:01:40]} Rxd1 {[%clk 0:19:56]} 30. Ng5
{[%clk 0:00:55]} Bf5 {[%clk 0:20:24]} 31. Qf2 {[%clk 0:01:11]} R8d7 {[%clk
0:19:02]} 32. Qh4 {[%clk 0:00:54]} Qe1 {[%clk 0:16:54]} 33. Qh6 {[%clk 0:01:22]}
Qg1+ {[%clk 0:14:43]} 34. Kg3 {[%clk 0:01:50]} Qxc5 {[%clk 0:15:11]} 35. Bh3
{[%clk 0:01:03]} Bg6 {[%clk 0:10:18]} 36. Kh4 {[%clk 0:00:36]} Qe7 {[%clk
0:09:03]} 37. Kg3 {[%clk 0:00:33]} Kg8 {[%clk 0:08:04]} 38. Bg4 {[%clk 0:00:32]}
Rg1+ {[%clk 0:08:10]} 39. Kh3 {[%clk 0:00:53]} Rh1+ {[%clk 0:08:32]} 0-1

[Event "European Women's Championship"]
[Site "Vysoke Tatry"]
[Date "2018.04.17"]
[Round "9"]
[White "Cosman, Andreea-Marioara"]
[Black "Kubicka, Anna"]
[Result "0-1"]
[Board "57"]
[WhiteElo "2141"]
[WhiteTitle "WFM"]
[WhiteCountry "ROU"]
[WhiteFideId "1217968"]
[WhiteEloChange "-8"]
[BlackElo "2215"]
[BlackTitle "WFM"]
[BlackCountry "POL"]
[BlackFideId "1152254"]
[BlackEloChange "8"]

1. d4 {[%clk 1:30:57]} d6 {[%clk 1:30:49]} 2. c4 {[%clk 1:31:21]} g6 {[%clk
1:31:14]} 3. Nc3 {[%clk 1:31:46]} Bg7 {[%clk 1:31:37]} 4. e4 {[%clk 1:32:09]} e5
{[%clk 1:31:53]} 5. Nge2 {[%clk 1:32:19]} Nc6 {[%clk 1:31:57]} 6. Be3 {[%clk
1:31:53]} exd4 {[%clk 1:32:05]} 7. Nxd4 {[%clk 1:31:37]} Nge7 {[%clk 1:32:26]} 8.
Qd2 {[%clk 1:19:44]} O-O {[%clk 1:32:15]} 9. Rd1 {[%clk 1:17:50]} f5 {[%clk
1:29:08]} 10. Nxc6 {[%clk 1:15:06]} bxc6 {[%clk 1:25:37]} 11. c5 {[%clk 1:08:01]}
fxe4 {[%clk 1:21:20]} 12. cxd6 {[%clk 1:06:58]} cxd6 {[%clk 1:19:34]} 13. Qxd6
{[%clk 1:02:19]} Qxd6 {[%clk 1:10:25]} 14. Rxd6 {[%clk 1:02:41]} Nf5 {[%clk
1:09:19]} 15. Bc4+ {[%clk 0:56:52]} Kh8 {[%clk 1:09:36]} 16. Rxc6 {[%clk
0:52:42]} Nxe3 {[%clk 1:06:21]} 17. fxe3 {[%clk 0:53:02]} Rb8 {[%clk 1:03:17]}
18. Bb3 {[%clk 0:42:25]} Bh6 {[%clk 0:59:39]} 19. Rf1 {[%clk 0:34:46]} Rxf1+
{[%clk 0:58:58]} 20. Kxf1 {[%clk 0:35:11]} Bxe3 {[%clk 0:54:47]} 21. Nxe4 {[%clk
0:33:04]} Bd7 {[%clk 0:49:26]} 22. Rc7 {[%clk 0:27:53]} Bb5+ {[%clk 0:48:35]} 23.
Bc4 {[%clk 0:23:59]} Bb6 {[%clk 0:47:17]} 24. Rxh7+ {[%clk 0:19:17]} Kxh7 {[%clk
0:47:28]} 25. Bxb5 {[%clk 0:19:44]} Bd4 {[%clk 0:45:38]} 26. a4 {[%clk 0:20:04]}
Bxb2 {[%clk 0:46:04]} 27. Ke2 {[%clk 0:19:55]} Rb6 {[%clk 0:44:24]} 28. h4 {[%clk
0:16:51]} Kg7 {[%clk 0:41:50]} 29. g4 {[%clk 0:14:06]} a6 {[%clk 0:40:34]} 30.
Bd3 {[%clk 0:13:53]} Rb4 {[%clk 0:39:34]} 31. h5 {[%clk 0:10:32]} Rxa4 {[%clk
0:37:22]} 32. Nc5 {[%clk 0:03:52]} Rxg4 {[%clk 0:37:05]} 33. hxg6 {[%clk
0:04:16]} a5 {[%clk 0:36:13]} 34. Ne6+ {[%clk 0:04:12]} Kh6 {[%clk 0:36:01]} 35.
Nc5 {[%clk 0:02:13]} a4 {[%clk 0:32:36]} 36. Kd1 {[%clk 0:01:06]} a3 {[%clk
0:32:16]} 37. Kc2 {[%clk 0:00:58]} Rg2+ {[%clk 0:32:37]} 38. Kb3 {[%clk 0:00:41]}
Bc1 {[%clk 0:28:41]} 0-1